Представление документа в формате RUSMARC

ПолеНазваниеЗначение
  Тип записи a
  Библиографический уровень m
001 Контрольный номер 3db8ad0825b74839b9d49d7b57874408
005 Дата корректировки 20170112090419.9
200 Заглавие и сведения об ответственности 1_
a Заглавие Педагогика кооперации
b Общее обозначение материала Текст
e Сведения, относящиеся к заглавию учебное пособие
f Первые сведения об ответственности В. В. Дудукалов, Г. Н. Дудукалова
210 Выходные данные 1_
a Место издания Волгоград
c Издательство Волгоградский кооперативный институт
d Дата издания 2016
215 Физическое описание __
a Объем 82 с.
686 Индексы других классификаций __
a Классификационный индекс 74.58
700 Автор _1
a Фамилия Дудукалов
b Имя В. В.
701 Альтернативная интеллектуальная ответственность _1
a Фамилия Дудукалова
b Имя Г. Н.
852 Данные о местонахождении __
i Авторский знак Д 81
j Шифр хранения 74.58
900 Электронные ресурсы __
a Имя электронного ресурса Педагогика кооперации
938 Служебная информация __
a Название организации Волгоградский филиал
952 Тип литературы __
c Вид литературы учебное пособие